On This Day: September 13th Quiz Stats

 Plays Quiz Updated Sep 13, 2017

Score 0/7 Timer 03:00
0 Plays Today
Question Answer Wrong Answers
Henry Bliss is the first person in the United States to be killed in a ______ accident.
1899
Motor Vehicle
88.2%
Train
6.5%
Mining
3.5%
Construction
1.3%
This British novelist and poet, known for his many children’s books, like ‘Matilda’ and ‘The Witches’, is born.
1916
Roald Dahl
84.5%
Dr. Seuss
2%
C. S. Lewis
9.9%
Ian Fleming
2.4%
This first installment of this popular video game series is released in Japan for the NES.
1985
Super Mario Bros.
82.3%
Metroid
1.6%
Sonic the Hedgehog
12%
Mega Man
1.7%
This man is appointed General Secretary of the Communist Party of the Soviet Union.
1953
Nikita Khrushchev
69%
Joseph Stalin
23.9%
Vyacheslav Molotov
1.9%
Konstantin Chernenko
3.1%
The British fail to capture ______, a turning point in the War of 1812, and also the inspiration for the Francis Scott Key poem that would later become the US national anthem.
1814
Baltimore
62.8%
New York
11.3%
Atlanta
5%
Philadelphia
20.8%
‘The Declaration on the Rights of ______ Peoples’ is adopted by the United Nations General Assembly.
2007
Indigenous
53.2%
Refugee
12.8%
Immigrant
7.2%
All
24.2%
The Great Fire of Smyrna commences. It is one of the final acts of this war.
1922
Greco-Turkish War
44.2%
World War I
21.1%
First Balkan War
23.3%
Greco-Italian War
9.7%

You're not logged in!

Compare scores with friends on all Sporcle quizzes.
OR
Log In

You Might Also Like...

Show Comments

Extras

Top Quizzes Today


Score Distribution

Your Account Isn't Verified!

In order to create a playlist on Sporcle, you need to verify the email address you used during registration. Go to your Sporcle Settings to finish the process.

Report this User

Report this user for behavior that violates our Community Guidelines.

Details: